<?xml version="1.0" encoding="UTF-8"?>
<record
    xmlns:xsi="http://www.w3.org/2001/XMLSchema-instance"
    xsi:schemaLocation="http://www.loc.gov/MARC21/slim http://www.loc.gov/standards/marcxml/schema/MARC21slim.xsd"
    xmlns="http://www.loc.gov/MARC21/slim">

  <leader>01823nam a2200265 a 4500</leader>
  <controlfield tag="001">ASIN3866540299</controlfield>
  <controlfield tag="003">OSt</controlfield>
  <controlfield tag="005">20180116192423.0</controlfield>
  <controlfield tag="008">140701s2008    xxu                 eng d</controlfield>
  <datafield tag="020" ind1=" " ind2=" ">
    <subfield code="a">3866540299 (hardcover)</subfield>
  </datafield>
  <datafield tag="020" ind1=" " ind2=" ">
    <subfield code="a">9783866540293 (hardcover)</subfield>
  </datafield>
  <datafield tag="040" ind1=" " ind2=" ">
    <subfield code="c">sada</subfield>
  </datafield>
  <datafield tag="050" ind1="0" ind2="4">
    <subfield code="a">NA1311.B3</subfield>
  </datafield>
  <datafield tag="082" ind1="0" ind2="4">
    <subfield code="a">720.946</subfield>
  </datafield>
  <datafield tag="245" ind1="0" ind2="0">
    <subfield code="a">Barcelona : </subfield>
    <subfield code="b">architecture and design.</subfield>
  </datafield>
  <datafield tag="260" ind1=" " ind2=" ">
    <subfield code="a">[S.l.] :</subfield>
    <subfield code="b">DAAB MEDIA,</subfield>
    <subfield code="c">2008.</subfield>
  </datafield>
  <datafield tag="300" ind1=" " ind2=" ">
    <subfield code="a">237 p. ;</subfield>
    <subfield code="c">33 cm.</subfield>
  </datafield>
  <datafield tag="520" ind1=" " ind2=" ">
    <subfield code="a">Barcelona is the cultural center of Spain. A tourist's hot spot and one of the most frequented cities in summer. There is a lot more to Barcelona's architecture than just Gaud&#xFFFD;. Since the Olympic Games in 1992 international architects began to shape the capital of Modernism with numerous contructions. Norman Foster, Frank O. Ghery and many more have left their footsteps. The Forum of Cultures 2004 provided another opportunity of city planning. Slowly Barcelona has been transformed into a an artistic reference: it has an insatiable appetite for new design and innovations, but still highly values its rich architectural past. Old and new are close. Like this it became a model that other cities may choose to imitate due to its cosmopolitan atmosphere. This book shows the newest architectural developements in Barcelona and introduces several projects. Not only public and cultural buildings but also private houses are shown. As far as available floor plans will give additional insights. An index with contact information of the respective architects is enclosed.</subfield>
  </datafield>
  <datafield tag="650" ind1=" " ind2="0">
    <subfield code="a">Architecture</subfield>
    <subfield code="9">7611</subfield>
  </datafield>
  <datafield tag="650" ind1=" " ind2="0">
    <subfield code="a">Interior decoration</subfield>
    <subfield code="9">7612</subfield>
  </datafield>
  <datafield tag="650" ind1=" " ind2="0">
    <subfield code="a">Spain--Barcelona</subfield>
    <subfield code="9">7613</subfield>
  </datafield>
  <datafield tag="700" ind1="1" ind2=" ">
    <subfield code="a">DAAB Media.</subfield>
    <subfield code="9">7614</subfield>
  </datafield>
  <datafield tag="856" ind1="4" ind2="0">
    <subfield code="3">Amazon.com</subfield>
    <subfield code="u">http://www.amazon.com/exec/obidos/ASIN/3866540299/chopaconline-20</subfield>
  </datafield>
  <datafield tag="942" ind1=" " ind2=" ">
    <subfield code="2">ddc</subfield>
    <subfield code="c">BK</subfield>
  </datafield>
  <datafield tag="999" ind1=" " ind2=" ">
    <subfield code="c">353972</subfield>
    <subfield code="d">353972</subfield>
  </datafield>
  <datafield tag="952" ind1=" " ind2=" ">
    <subfield code="0">0</subfield>
    <subfield code="1">0</subfield>
    <subfield code="2">ddc</subfield>
    <subfield code="4">0</subfield>
    <subfield code="7">0</subfield>
    <subfield code="a">SADA</subfield>
    <subfield code="b">SADA</subfield>
    <subfield code="d">2014-07-01</subfield>
    <subfield code="l">1</subfield>
    <subfield code="m">1</subfield>
    <subfield code="o">720.946 BAR 2008</subfield>
    <subfield code="p">SADA0002337</subfield>
    <subfield code="r">2015-02-10</subfield>
    <subfield code="s">2014-12-16</subfield>
    <subfield code="v">5831.38</subfield>
    <subfield code="w">2014-07-03</subfield>
    <subfield code="y">BK</subfield>
  </datafield>
</record>
